| 000 | 01463nam a22002177a 4500 | ||
|---|---|---|---|
| 999 |
_c59727 _d59727 |
||
| 003 | Ge_BSU | ||
| 005 | 20230407112618.0 | ||
| 008 | 230407s1997 ge ||||| |||| 00| 0 geo d | ||
| 041 | _ageo | ||
| 080 | _a903.4(479.22) +902.62 ჯ-41 | ||
| 100 |
_aჯიბლაძე, ლერი _917540 |
||
| 245 |
_aკოლხეთის დაბლობის ბრინჯაოს ხანის ნამოსახლართა სტრატიგრაფია, ქრონოლოგია და პერიოდიზაცია : _b(ფიჩორის ნამოსახლარის ცენტრალური ბორცვის მიხედვით) / _cლერი ჯიბლაძე; [რედ.: მ. ბარამიძე] ; საქ. მეცნ. აკად., არქეოლ. კვლევის ცენტრი. |
||
| 264 |
_aთბილისი : _b საქართველო, _c1997. |
||
| 300 |
_a168გვ. ; _b20სმ. |
||
| 504 | _aბიბლიოგრ.: გვ. 127-144. | ||
| 520 | _aრეზ. რუს. და ინგლ. ენ. | ||
| 653 | _aნამოსახლარები საქართველოში | ||
| 653 | _aარქეოლოგიური კვლევის სტრატიგრაფიული მეთოდები. | ||
| 700 |
_aბარამიძე, მ., _eრედაქტორი _917541 |
||
| 942 |
_2udc _cBK |
||